Normal view
MARC view
Entry Personal Name
001 - CONTROL NUMBER
- control field: 21901
003 - CONTROL NUMBER IDENTIFIER
- control field: ARRUPE
005 - DATE AND TIME OF LATEST TRANSACTION
- control field: 20160128112345.0
008 - FIXED-LENGTH DATA ELEMENTS
- fixed length control field: 160128|| aca||aabn | a|a d
040 ## - CATALOGING SOURCE
- Original cataloging agency: ARRUPE
- Transcribing agency: ARRUPE
100 ## - HEADING--PERSONAL NAME
- Personal name: Waal, D. C. de
- Fuller form of name: (David Christiaan),
- Dates associated with a name: 1845-1909.
670 ## - SOURCE DATA FOUND
- Source citation: Work cat.: (ARRUPE)0: Waal, D. C. de (David Christiaan), 1845-1909., With Rhodes in Mashonaland., 1896.